Quick Pick: Ancient Civilizations Quiz Stats

Quiz Updated Mar 22, 2016

Challenge
Share
Tweet
Embed
Score 0/10 Timer 01:00
0 Plays Today
% Correct
China
96%
Greece
93.2%
Egypt
91.8%
Hebrew
89.6%
Rome
88.8%
India
83.8%
Babylonia
74.3%
Aztec
68%
Maya
56.1%
Inca
53.2%

Today's Daily Dose

Word Ladder
'90s Movies

Quick Pick
'Fire' Movies

On This Day
June 19th II

You're not logged in!

Compare scores with friends on all Sporcle quizzes.
Join for Free
OR
Log In

You Might Also Like...

Show Comments

Extras

Top Quizzes Today


Score Distribution

Your Account Isn't Verified!

In order to create a playlist on Sporcle, you need to verify the email address you used during registration. Go to your Sporcle Settings to finish the process.

Report this User

Report this user for behavior that violates our Community Guidelines.

Details: